• 首页
  • 本馆介绍
  • 公告通知
  • 最新文献
  • 馆藏检索
  • 电子资源
  • 读者导购
  • 参考咨询
  • 我的图书馆
  • 登录
  • 详细信息显示
  • 放入我的书架
  • 预约/预借图书
  • 作者相关作品
  • 分类相关作品
  • 丛书相关作品
  • 出版社相关作品

书目信息

  • 表格格式
  • 工作单格式
  • 卡片格式
题名:
时空太乙
    
 
作者: 李德润 著
分册:  
出版信息: 北京   华龄出版社  2017.09
页数: 408页
开本: 25cm
丛书名:
单 册:
中图分类: P159 , Q981.1
科图分类:
主题词: 宇宙学--研究 , 人类进化--研究
电子资源:
ISBN: 978-7-5169-1044-3
000 01128nam0 2200265 450
001 895
005 20180927145033.87
010    @a978-7-5169-1044-3@dCNY68.00
100    @a20180217d2017 em y0chiy50 ea
101 0  @achi
102    @aCN@b110000
105    @ay z 000yy
200 1  @a时空太乙@9shi kong tai yi@f李德润著
205    @a修订版
210    @a北京@c华龄出版社@d2017.09
215    @a408页@d25cm
314    @a李德润 (1946-),河北廊坊人,大学本科,中央民族大学道教与术数学研究中心研究员,廊坊职业技术学院教授等。著有《宏观史记》《读史二十四法》等。
330    @a本书是在《易经》循环往复根本原理的指导下,与时俱进,切近当今,更新观念,改造提高,创新发展中国古代哲学的作品。它融入了近现代天文学、物理学、地质学等科学,探索自然的最新成果。它把现代科学和古老的周易学有机地结合在一起,综合发展了易经、皇极经世和太乙几方面的精粹,剔除了繁杂琐碎和人为神奥,提出了对自然和人类社会规律的理念、模式和方法。
606 0  @a宇宙学@x研究
606 0  @a人类进化@x研究
690    @aP159@v5
690    @aQ981.1@v5
701  0 @a李德润@9li de run@f(1946-)@4著
801  0 @aCN@b91MARC@c20180217
905    @aMuseLib@dP159@e252=2
    
    时空太乙/李德润著.-修订版.-北京:华龄出版社,2017.09
    408页;25cm
    
    
    ISBN 978-7-5169-1044-3:CNY68.00
    本书是在《易经》循环往复根本原理的指导下,与时俱进,切近当今,更新观念,改造提高,创新发展中国古代哲学的作品。它融入了近现代天文学、物理学、地质学等科学,探索自然的最新成果。它把现代科学和古老的周易学有机地结合在一起,综合发展了易经、皇极经世和太乙几方面的精粹,剔除了繁杂琐碎和人为神奥,提出了对自然和人类社会规律的理念、模式和方法。
●
相关链接 在E读中查询图书 在五车中查询图书 在当当中查询图书 在豆瓣中查询图书


正题名:时空太乙     索取号:P159/252=2         预约/预借

序号 登录号 条形码 馆藏地/架位号 状态 备注
1 1120199   211201992   第二样本阅览室/ [索取号:P159/252=2] 在馆    
2 1120200   211202009   第三借阅区/ [索取号:P159/252=2] 在馆    
3 1120201   211202018   密集书库-物理学院/ [索取号:P159/252=2] 在馆    
4 1120202   211202027   第三借阅区/ [索取号:P159/252=2] 在馆    
5 1120203   211202036   第三借阅区/ [索取号:P159/252=2] 在馆    
唐山师范学院图书馆 欢迎您!
大连网信软件有限公司© 版权所有